[Event "Paul Keres mem. (49th)"]
[Site "Langley CAN"]
[Date "2025.05.17"]
[Round "1.1"]
[White "Doknjas, John"]
[Black "Mohammed Qanee, Arpak Worya"]
[Result "1-0"]
[WhiteElo "2421"]
[BlackElo "1989"]
[WhiteFideId "-1"]
[WhiteFideId "-1"]
[PlyCount "155"]
[GameId "2184628932552350"]
[EventDate "2025.05.17"]
[EventType "swiss"]
[EventRounds "6"]
[EventCountry "CAN"]

{[%evp 0,155,27,29,55,68,67,62,57,51,38,-3,35,16,60,46,46,54,51,50,44,41,37,26,39,39,48,34,57,51,57,57,57,46,57,46,60,49,55,37,36,36,34,18,22,27,28,3,18,22,20,15,28,13,37,28,28,20,28,28,25,-3,17,17,17,17,31,30,73,53,64,70,71,58,58,49,56,49,59,39,20,53,45,43,43,9,12,24,22,22,22,22,25,28,118,108,146,146,146,162,162,162,159,159,164,162,160,160,160,160,160,158,158,158,158,158,160,160,160,160,160,160,160,160,159,160,159,159,157,157,157,156,157,157,156,157,157,157,159,159,159,154,152,154,154,154,154,154,154,154,157,154,373,381,409,408,406,449]} 1. d4 f5 2. g3 Nf6 3. Bg2 d5 4. c4 e6 5. Nh3 c6 6. Qc2 Bd6 7. O-O O-O 8. Bf4 Qe7 9. Bxd6 Qxd6 10. Nf4 Nbd7 11. Nd2 Ne4 12. cxd5 exd5 13. Nf3 a5 14. Nd3 a4 15. Rac1 Qh6 16. Nfe5 Nxe5 17. dxe5 Qg5 18. Rcd1 Qd8 19. Kh1 Qb6 20. f3 Ng5 21. Nc5 a3 22. b3 Ne6 23. Na4 Qb4 24. f4 g6 25. e3 Ra5 26. Qd2 Rb5 27. Nc3 Rc5 28. Nb1 Qxd2 29. Rxd2 Ra5 30. Rd3 Bd7 31. b4 Ra4 32. Rb3 Rfa8 33. Rc1 Nc7 34. Nc3 R4a7 35. b5 Ne6 36. Nb1 Be8 37. bxc6 bxc6 38. Rcc3 d4 39. exd4 Nxd4 40. Rb4 Ra4 41. Rxa4 Rxa4 42. Rxa3 Rxa3 43. Nxa3 Bf7 44. Kg1 Bxa2 45. Kf2 Kf7 46. Ke3 Nb5 47. Nxb5 cxb5 48. Kd4 Ke6 49. Bf1 Ke7 50. Bxb5 h6 51. Bc4 Bb1 52. Bd3 Ba2 53. g4 Be6 54. Kc5 Bd7 55. Bc2 Be6 56. Kc6 Bd7+ 57. Kc7 Be6 58. Bd3 Bd7 59. Kb6 Kf7 60. gxf5 gxf5 61. Ba6 Ke7 62. Kc7 Ba4 63. Bc8 Bc2 64. Kc6 Be4+ 65. Kc5 Bd3 66. Kd5 Be4+ 67. Kd4 Bc2 68. Ba6 Bb3 69. Bd3 Be6 70. Bc4 Bc8 71. Kc5 Bb7 72. Bd3 Ke6 73. Kb6 Be4 74. Ba6 Bc2 75. Kc5 Be4 76. Kd4 Bc2 77. Bc4+ Ke7 78. Bd3 1-0

[Event "Paul Keres mem. (49th)"]
[Site "Langley CAN"]
[Date "2025.05.17"]
[Round "1.2"]
[White "Wu, Bowen"]
[Black "Morozov, Grigorii"]
[Result "0-1"]
[WhiteElo "1987"]
[BlackElo "2407"]
[WhiteFideId "-1"]
[WhiteFideId "-1"]
[PlyCount "68"]
[GameId "2184628932556447"]
[EventDate "2025.05.17"]
[EventType "swiss"]
[EventRounds "6"]
[EventCountry "CAN"]

1. d4 d5 2. c4 e6 3. Nc3 c6 4. cxd5 exd5 5. Nf3 Bd6 6. g3 Nf6 7. Bg2 O-O 8. O-O Re8 9. Bg5 Nbd7 10. e3 Nb6 11. Bf4 Bxf4 12. exf4 Nc4 13. b3 Nd6 14. Ne5 Nfe4 15. Nxe4 Nxe4 16. Bxe4 dxe4 17. Re1 Be6 18. Nc4 Qd7 19. Rxe4 Bd5 20. Rxe8+ Rxe8 21. Ne3 Be4 22. f3 Bd5 23. Nxd5 Qxd5 24. Qd3 c5 25. Rd1 cxd4 26. Kg2 g6 27. Kf1 Qh5 28. Kg1 Re3 29. Qxd4 Re2 30. Qd8+ Kg7 31. Qh4 Qxf3 32. Qh3 Rxa2 33. Qf1 Qe3+ 34. Kh1 Qxb3 0-1

[Event "Paul Keres mem. (49th)"]
[Site "Langley CAN"]
[Date "2025.05.17"]
[Round "1.3"]
[White "Schulte, Oliver"]
[Black "Mok, Erwin Jun-Han"]
[Result "1-0"]
[WhiteElo "2379"]
[BlackElo "1963"]
[WhiteFideId "-1"]
[WhiteFideId "-1"]
[PlyCount "71"]
[GameId "2184628932556448"]
[EventDate "2025.05.17"]
[EventType "swiss"]
[EventRounds "6"]
[EventCountry "CAN"]

1. e4 c5 2. Nf3 d6 3. d4 cxd4 4. Nxd4 Nf6 5. Nc3 g6 6. g3 Bg7 7. Bg2 O-O 8. O-O Nc6 9. Nde2 Be6 10. h3 Qd7 11. Kh2 Rad8 12. Nd5 Bxd5 13. exd5 Nb8 14. Be3 a6 15. c3 e6 16. dxe6 fxe6 17. Qb3 Nc6 18. Bb6 Rde8 19. Rad1 Rf7 20. Rfe1 e5 21. c4 Qe7 22. Nc3 Kh8 23. Re2 Qf8 24. Qa3 Nd7 25. Bc7 Rxf2 26. Rxf2 Qxf2 27. Ne4 Qa7 28. Qxd6 Nf8 29. Qd5 Ne6 30. Nd6 Re7 31. Nc8 Nxc7 32. Qd6 Qf2 33. Nxe7 Bf8 34. Qxc7 Bxe7 35. Qxb7 Qe2 36. Rf1 1-0

[Event "Paul Keres mem. (49th)"]
[Site "Langley CAN"]
[Date "2025.05.17"]
[Round "1.4"]
[White "Salcedo, Daniel E."]
[Black "Doknjas, Neil"]
[Result "0-1"]
[WhiteElo "1955"]
[BlackElo "2361"]
[WhiteFideId "-1"]
[WhiteFideId "-1"]
[PlyCount "92"]
[GameId "2184628932556449"]
[EventDate "2025.05.17"]
[EventType "swiss"]
[EventRounds "6"]
[EventCountry "CAN"]

1. d4 Nf6 2. c4 e6 3. Nf3 h6 4. a3 d5 5. Nc3 c6 6. e3 Bd6 7. Bd3 Nbd7 8. O-O O-O 9. Re1 e5 10. cxd5 cxd5 11. dxe5 Nxe5 12. Be2 Be6 13. Nb5 Bb8 14. b4 Ne4 15. Bb2 Nxf3+ 16. Bxf3 Bxh2+ 17. Kxh2 Qh4+ 18. Kg1 Qxf2+ 19. Kh2 Qxb2 20. Bxe4 Qe5+ 21. Kg1 Qxe4 22. Qd4 Qxd4 23. exd4 Rfc8 24. Rac1 Rc4 25. Nd6 Rxd4 26. Nxb7 h5 27. Re3 h4 28. Rc7 Rd1+ 29. Kf2 d4 30. Re4 Rd2+ 31. Ke1 Rxg2 32. Rxh4 d3 33. Rd4 Re2+ 34. Kd1 Bb3+ 35. Kc1 Rae8 36. Rxd3 Rg2 37. Rd8 Rxd8 38. Nxd8 f5 39. Rc3 Bd5 40. Rc5 Be4 41. Rc8 Kh7 42. Ne6 g5 43. Rc7+ Kg6 44. Rxa7 f4 45. b5 f3 46. Ra6 f2 0-1

[Event "Paul Keres mem. (49th)"]
[Site "Langley CAN"]
[Date "2025.05.17"]
[Round "1.5"]
[White "Liu, Austin"]
[Black "Mingrone, Peter"]
[Result "1/2-1/2"]
[WhiteElo "2271"]
[BlackElo "1930"]
[WhiteFideId "-1"]
[WhiteFideId "-1"]
[PlyCount "68"]
[GameId "2184628932589218"]
[EventDate "2025.05.17"]
[EventType "swiss"]
[EventRounds "6"]
[EventCountry "CAN"]

1. e4 e6 2. d4 d5 3. Nc3 Bb4 4. e5 b6 5. Qg4 Bf8 6. f4 Ne7 7. Nf3 Qd7 8. Be3 Ba6 9. O-O-O Bxf1 10. Rhxf1 Nbc6 11. Nh4 g6 12. Qf3 O-O-O 13. h3 h5 14. Bf2 Bh6 15. Kb1 Kb8 16. g3 Rh7 17. Ng2 Rdh8 18. Ne3 Bf8 19. Ne2 Na5 20. Be1 Nc4 21. Nxc4 dxc4 22. Nc3 c6 23. Qe2 Nd5 24. Ne4 Be7 25. Bd2 b5 26. c3 Ka8 27. Bc1 Rb8 28. g4 hxg4 29. hxg4 Rbh8 30. Rf2 Qb7 31. f5 a5 32. Rg1 gxf5 33. gxf5 Qd7 34. fxe6 fxe6 {Notational issues.} 1/2-1/2

[Event "Paul Keres mem. (49th)"]
[Site "Langley CAN"]
[Date "2025.05.17"]
[Round "1.7"]
[White "Aljo, Johan"]
[Black "Armstrong, David"]
[Result "1-0"]
[WhiteElo "2240"]
[BlackElo "1920"]
[WhiteFideId "-1"]
[WhiteFideId "-1"]
[PlyCount "135"]
[GameId "2184628932589219"]
[EventDate "2025.05.17"]
[EventType "swiss"]
[EventRounds "6"]
[EventCountry "CAN"]

{[%evp 0,113,29,29,22,3,36,23,33,38,45,30,27,18,51,46,42,52,80,59,58,65,34,-9,16,-23,42,42,25,0,55,21,-7,9,41,16,23,-16,24,18,99,64,116,143,177,157,145,107,135,143,147,119,108,100,134,145,96,88,77,93,101,38,59,59,64,33,32,33,18,27,28,35,21,21,21,22,19,-11,0,0,0,-52,-53,-57,54,53,42,41,54,57,54,63,59,59,70,72,159,64,102,92,68,77,68,80,136,108,120,95,112,87,98,108,123,95,100,63]} 1. d4 Nf6 2. c4 g6 3. Nc3 Bg7 4. e4 d6 5. Be2 O-O 6. Be3 Nc6 7. d5 Ne5 8. f4 Neg4 9. Bd2 Nh6 10. h3 e6 11. dxe6 fxe6 12. g4 b5 13. cxb5 Bb7 14. Qc2 Nd7 15. g5 Nf7 16. O-O-O Nc5 17. Be3 Qe7 18. Bf3 a6 19. Bxc5 dxc5 20. bxa6 Rxa6 21. e5 Bxf3 22. Nxf3 Nd8 23. Qd3 Ra8 24. Qe4 Rb8 25. Qe3 Qf7 26. Ne2 Rb6 27. Nd2 Nc6 28. Ne4 Rfb8 29. Rd2 Nb4 30. N2c3 Nd5 31. Nxd5 exd5 32. Nf6+ Bxf6 33. exf6 d4 34. Qe7 Qxe7 35. fxe7 Re6 36. Rc2 Rb5 37. Kd2 Rxe7 38. Re1 Rxe1 39. Kxe1 d3 40. Rd2 c4 41. Kf2 Rd5 42. Ke3 Kf7 43. b3 cxb3 44. axb3 Ke6 45. Rxd3 Rb5 46. Kf3 Rb4 47. Kg4 Re4 48. h4 Rb4 49. Rf3 c5 50. Re3+ Kd6 51. h5 gxh5+ 52. Kf5 Rb8 53. Rd3+ Ke7 54. Ke5 Rb6 55. f5 Rb7 56. Rh3 Rb5 57. Ke4 h4 58. f6+ Ke6 59. Re3 Kf7 60. Kf4 Kg6 61. Re7 Rb4+ 62. Ke5 Rxb3 63. Rg7+ Kh5 64. Kf4 h6 65. Rh7 Kg6 66. Rxh6+ Kf7 67. Rh7+ Kg8 68. g6 1-0

[Event "Paul Keres mem. (49th)"]
[Site "Langley CAN"]
[Date "2025.05.17"]
[Round "1.8"]
[White "Yin, Aiden"]
[Black "Chen, Yidong"]
[Result "0-1"]
[WhiteElo "1918"]
[BlackElo "2240"]
[WhiteFideId "-1"]
[WhiteFideId "-1"]
[PlyCount "74"]
[GameId "2184628932589220"]
[EventDate "2025.05.17"]
[EventType "swiss"]
[EventRounds "6"]
[EventCountry "CAN"]

1. e4 d5 2. exd5 Qxd5 3. Nc3 Qa5 4. d4 Nf6 5. Nf3 c6 6. Bc4 Bf5 7. Bd2 Qd8 8. O-O e6 9. Bb3 h6 10. Re1 Be7 11. Bf4 Nbd7 12. Qd2 O-O 13. a4 Bb4 14. Qe2 Re8 15. Ne5 Nd5 16. Bd2 Nxe5 17. dxe5 Nxc3 18. Bxc3 Bxc3 19. bxc3 Qa5 20. Qe3 Rac8 21. Qd4 Red8 22. Qb4 Qc7 23. a5 c5 24. Qc4 Rd5 25. f4 Rd2 26. a6 Qc6 27. Re2 b5 28. Rxd2 bxc4 29. Bxc4 Qe4 30. Bf1 Qe3+ 31. Rf2 Rd8 32. Bb5 Rd2 33. Raf1 Rxc2 34. g3 Bh3 35. Kh1 Rxf2 36. Be2 Qe4+ 37. Bf3 Rxf1# 0-1

[Event "Paul Keres mem. (49th)"]
[Site "Langley CAN"]
[Date "2025.05.17"]
[Round "2.1"]
[White "Taylor, Ashton"]
[Black "Doknjas, John"]
[Result "0-1"]
[WhiteElo "2091"]
[BlackElo "2421"]
[WhiteFideId "-1"]
[WhiteFideId "-1"]
[PlyCount "70"]
[GameId "2184628932589221"]
[EventDate "2025.05.17"]
[EventType "swiss"]
[EventRounds "6"]
[EventCountry "CAN"]

1. d4 Nf6 2. Nf3 d5 3. c4 e6 4. g3 dxc4 5. Bg2 c6 6. a4 Bb4+ 7. Bd2 a5 8. Qc2 O-O 9. Qxc4 Na6 10. Ne5 Bxd2+ 11. Nxd2 Qb6 12. Nd3 Rd8 13. Nf3 Bd7 14. O-O Be8 15. e3 Rac8 16. Nc5 Nb4 17. Ne5 Qc7 18. Ned3 Nxd3 19. Nxd3 Nd7 20. Qb3 b6 21. Rac1 c5 22. dxc5 bxc5 23. Qc3 c4 24. b3 Nc5 25. Nxc5 Qxc5 26. Qxc4 Qxc4 27. Rxc4 Rxc4 28. bxc4 Bxa4 29. c5 Kf8 30. Ra1 Rd1+ 31. Rxd1 Bxd1 32. Kf1 a4 33. c6 Ke7 34. Ke1 a3 35. Kxd1 a2 0-1

[Event "Paul Keres mem. (49th)"]
[Site "Langley CAN"]
[Date "2025.05.17"]
[Round "2.2"]
[White "Morozov, Grigorii"]
[Black "McCallum, Elliot"]
[Result "1-0"]
[WhiteElo "2407"]
[BlackElo "2032"]
[WhiteFideId "-1"]
[WhiteFideId "-1"]
[PlyCount "85"]
[GameId "2184628932589222"]
[EventDate "2025.05.17"]
[EventType "swiss"]
[EventRounds "6"]
[EventCountry "CAN"]

1. d4 d5 2. Nf3 Nf6 3. c4 c6 4. Nbd2 e6 5. Qc2 Nbd7 6. a3 a5 7. g3 Bd6 8. Bg2 O-O 9. O-O e5 10. cxd5 Nxd5 11. Nc4 Qe7 12. e4 N5f6 13. Nxd6 Qxd6 14. dxe5 Nxe5 15. Rd1 Nxf3+ 16. Bxf3 Qe7 17. Be3 Re8 18. Bc5 Qc7 19. Bd6 Qb6 20. Bc5 Qc7 21. Bg2 Be6 22. Qc3 Rad8 23. Bd4 Qe7 24. Qxa5 Bb3 25. Bxf6 Rxd1+ 26. Rxd1 Qxf6 27. e5 Qf5 28. Rd8 Qe6 29. Qa8 Kf8 30. Rxe8+ Qxe8 31. Qxb7 Ba4 32. Qb4+ c5 33. Qxc5+ Kg8 34. Qd5 g6 35. Qa8 Qxa8 36. Bxa8 Bb3 37. Bc6 Kf8 38. a4 Ke7 39. a5 Bc4 40. b3 Bd3 41. f4 f6 42. exf6+ Kxf6 43. Bb7 1-0

[Event "Paul Keres mem. (49th)"]
[Site "Langley CAN"]
[Date "2025.05.17"]
[Round "2.4"]
[White "Doknjas, Neil"]
[Black "Beqo, Nick"]
[Result "1-0"]
[WhiteElo "2361"]
[BlackElo "2031"]
[WhiteFideId "-1"]
[WhiteFideId "-1"]
[PlyCount "71"]
[GameId "2184628932589223"]
[EventDate "2025.05.17"]
[EventType "swiss"]
[EventRounds "6"]
[EventCountry "CAN"]

1. e4 c6 2. d4 d5 3. e5 c5 4. dxc5 e6 5. c3 Nd7 6. Nf3 Bxc5 7. Nbd2 Qc7 8. Nb3 Nxe5 9. Nxc5 Nxf3+ 10. Qxf3 Qxc5 11. Qg3 Kf8 12. Bf4 Ne7 13. Bd3 Bd7 14. Be5 f6 15. Bd6 Qb6 16. Bxe7+ Kxe7 17. Qxg7+ Kd6 18. Qxf6 Raf8 19. Qh4 Qxb2 20. O-O Bc6 21. Qg3+ Kd7 22. Qg7+ Kc8 23. Qe5 Re8 24. Rab1 Qa3 25. Rb4 Qa5 26. Rfb1 Qc7 27. Qe3 Rhg8 28. Qxa7 Rxg2+ 29. Kxg2 d4+ 30. Kf1 Qxh2 31. Qa8+ Kd7 32. Rxb7+ Kd6 33. Qa3+ Ke5 34. Qc5+ Kf6 35. Qxd4+ e5 36. Qd6+ 1-0

[Event "Paul Keres mem. (49th)"]
[Site "Langley CAN"]
[Date "2025.05.17"]
[Round "2.7"]
[White "Zeggelaar, Mike"]
[Black "Aljo, Johan"]
[Result "0-1"]
[WhiteElo "1889"]
[BlackElo "2240"]
[WhiteFideId "-1"]
[WhiteFideId "-1"]
[PlyCount "88"]
[GameId "2184628932589224"]
[EventDate "2025.05.17"]
[EventType "swiss"]
[EventRounds "6"]
[EventCountry "CAN"]

1. e4 c5 2. d4 cxd4 3. Qxd4 Nc6 4. Qd3 Nf6 5. Nc3 g6 6. Nf3 Bg7 7. Be2 O-O 8. O-O d6 9. Bg5 Be6 10. Nd5 Nxd5 11. exd5 Nb4 12. Qe4 Nxd5 13. Nd4 Nc7 14. c4 Re8 15. Rad1 h6 16. Be3 Qc8 17. Nxe6 Nxe6 18. Qh4 h5 19. f4 Bf6 20. Qg3 Ng7 21. h3 Nf5 22. Qf2 Qe6 23. Bc1 Bd4 24. Rxd4 Nxd4 25. Qxd4 Qxe2 26. f5 Qe5 27. Qd3 Qg7 28. Rf3 Kh7 29. Rg3 e5 30. fxg6+ fxg6 31. Qe4 Re6 32. Rb3 Re7 33. Bg5 Rd7 34. Rg3 Rf8 35. Be3 Rf5 36. Bxa7 b5 37. Be3 bxc4 38. Qxc4 d5 39. Qc2 e4 40. Bd2 Qe5 41. Qc8 Rc7 42. Qd8 Qxg3 43. Bc3 d4 44. Qxd4 Rxc3 0-1

[Event "Paul Keres mem. (49th)"]
[Site "Langley CAN"]
[Date "2025.05.17"]
[Round "2.8"]
[White "Leong, Ryan"]
[Black "Lu, Aiden Hao-Ting"]
[Result "0-1"]
[WhiteElo "2179"]
[BlackElo "1812"]
[WhiteFideId "-1"]
[WhiteFideId "-1"]
[PlyCount "146"]
[GameId "2184628932589225"]
[EventDate "2025.05.17"]
[EventType "swiss"]
[EventRounds "6"]
[EventCountry "CAN"]

{[%evp 0,138,29,28,12,-8,-15,7,7,-21,31,-16,43,17,1,5,4,-8,19,-1,-9,5,65,72,79,77,112,86,102,90,90,12,14,-6,17,7,6,27,21,29,85,-12,6,-9,0,-55,-52,-57,-45,-126,-117,-83,-108,-105,0,0,0,-28,-24,-22,-62,-59,1,-66,-83,-229,-227,-241,-103,-153,-84,-153,-136,-164,0,0,0,0,185,188,239,97,85,-108,-120,-135,-134,-128,-134,-128,-135,-131,-121,-131,-109,-98,-82,-104,-115,-119,-122,-127,-83,-95,-95,-152,-122,-147,-112,-87,-72,-304,-311,-426,-441,-434,-438,-482,-465,-465,-460,-479,-490,-497,-466,-480,-493,-546,-511,-551,-472,-486,-486,-612,-626,-649,-651,-661,-699,-718,-707]} 1. Nf3 d5 2. g3 Nf6 3. Bg2 c6 4. c4 Nbd7 5. O-O e5 6. cxd5 cxd5 7. d3 Bd6 8. Nc3 h6 9. e4 d4 10. Nb5 Qb6 11. Nxd6+ Qxd6 12. Nd2 Nb6 13. a4 Be6 14. a5 Nbd7 15. b3 Qa6 16. Qc2 O-O 17. Bb2 Rfc8 18. Nc4 Qc6 19. Qe2 Qc7 20. h3 b5 21. axb6 axb6 22. Rac1 Ra2 23. f4 b5 24. Nd2 Qd8 25. Rxc8 Qxc8 26. Rc1 Qa6 27. Rc2 Nc5 28. fxe5 Nfd7 29. Nf3 Bxb3 30. Rd2 b4 31. Nxd4 Nxe5 32. Nxb3 Nxb3 33. Rd1 Nd4 34. Qf2 Ndc6 35. Bf1 Nd4 36. Kh1 Ndf3 37. d4 Qa4 38. Rb1 Qb3 39. dxe5 Nxe5 40. Kg1 Qf3 41. Qxf3 Nxf3+ 42. Kf2 Nd2 43. Ra1 Rxb2 44. Ra8+ Kh7 45. Bd3 Nc4+ 46. Be2 b3 47. Rb8 f6 48. Rb4 Ne5 49. Ke3 Rb1 50. Kd2 Nc6 51. Rb6 Ne5 52. Rb4 Rb2+ 53. Kd1 Nc6 54. Rb7 Ra2 55. Rxb3 Rxe2 56. Rc3 Nd4 57. Rd3 Rxe4 58. g4 Nc6 59. Rg3 Ne5 60. Kd2 g6 61. Rb3 h5 62. gxh5 gxh5 63. Rg3 h4 64. Rb3 Rf4 65. Ke2 Kg6 66. Rb8 Rf3 67. Rg8+ Kf5 68. Rh8 Rxh3 69. Kf2 Kf4 70. Kg2 Rg3+ 71. Kf2 Ng4+ 72. Kf1 h3 73. Rh4 h2 0-1

[Event "Paul Keres mem. (49th)"]
[Site "Langley CAN"]
[Date "2025.05.17"]
[Round "2.9"]
[White "Chruszcz, Zachary"]
[Black "Wang, Ted"]
[Result "0-1"]
[WhiteElo "1851"]
[BlackElo "2173"]
[WhiteFideId "-1"]
[WhiteFideId "-1"]
[PlyCount "94"]
[GameId "2184628932589226"]
[EventDate "2025.05.17"]
[EventType "swiss"]
[EventRounds "6"]
[EventCountry "CAN"]

1. e4 c5 2. Nc3 Nc6 3. g3 g6 4. Bg2 Bg7 5. Nge2 e6 6. d3 d6 7. Be3 Nd4 8. Qd2 Qa5 9. Nc1 Ne7 10. O-O O-O 11. Nb3 Qb4 12. Bxd4 cxd4 13. Nd5 Nxd5 14. exd5 Qxd2 15. Nxd2 e5 16. Nc4 Rd8 17. f4 Bf5 18. fxe5 dxe5 19. Rae1 f6 20. h3 h5 21. Kh2 Rac8 22. Re2 Bd7 23. Nd6 Rc7 24. c4 dxc3 25. bxc3 Rxc3 26. Ne4 Rxd3 27. Nxf6+ Bxf6 28. Rxf6 Bf5 29. Rxe5 Kg7 30. Rfxf5 gxf5 31. Rxf5 Rd2 32. a4 Re8 33. Kg1 Re1+ 34. Bf1 Kg6 35. g4 hxg4 36. hxg4 Red1 37. Re5 Rxd5 38. Re7 Rd7 39. Re5 Rf7 40. Rf5 Rxf5 41. gxf5+ Kxf5 42. Kf2 Rxf1+ 43. Kxf1 Ke4 44. Ke2 Kd4 45. a5 Kc5 46. a6 b5 47. Kd3 Kb6 0-1

[Event "Paul Keres mem. (49th)"]
[Site "Langley CAN"]
[Date "2025.05.18"]
[Round "3.1"]
[White "Doknjas, John"]
[Black "Chen, Yidong"]
[Result "1/2-1/2"]
[WhiteElo "2421"]
[BlackElo "2240"]
[WhiteFideId "-1"]
[WhiteFideId "-1"]
[PlyCount "61"]
[GameId "2184628932589228"]
[EventDate "2025.05.17"]
[EventType "swiss"]
[EventRounds "6"]
[EventCountry "CAN"]

1. e4 c5 2. Ne2 Nf6 3. Nbc3 d5 4. exd5 Nxd5 5. Nxd5 Qxd5 6. d4 cxd4 7. Qxd4 Qxd4 8. Nxd4 a6 9. Be3 e5 10. Nb3 Nc6 11. O-O-O Be6 12. Nc5 Bxc5 13. Bxc5 f5 14. g3 Rc8 15. b3 Kf7 16. Kb2 Rhd8 17. Bg2 e4 18. Bb6 Rxd1 19. Rxd1 Ne5 20. h3 Re8 21. Rd8 Rxd8 22. Bxd8 Bd5 23. Bc7 Ke6 24. Kc3 Bc6 25. Bf1 g5 26. Kd4 Nf3+ 27. Ke3 Ne1 28. Kd2 Nf3+ 29. Ke3 Ne1 30. Kd2 Nf3+ 31. Ke3 1/2-1/2

[Event "Paul Keres mem. (49th)"]
[Site "Langley CAN"]
[Date "2025.05.18"]
[Round "3.2"]
[White "Aljo, Johan"]
[Black "Morozov, Grigorii"]
[Result "1-0"]
[WhiteElo "2240"]
[BlackElo "2407"]
[WhiteFideId "-1"]
[WhiteFideId "-1"]
[PlyCount "75"]
[GameId "2184628932720301"]
[EventDate "2025.05.17"]
[EventType "swiss"]
[EventRounds "6"]
[EventCountry "CAN"]

1. d4 d5 2. c4 e6 3. Nc3 c6 4. e4 dxe4 5. Nxe4 Nd7 6. Nf3 Ngf6 7. Bd3 c5 8. Nxf6+ Nxf6 9. dxc5 Bxc5 10. O-O O-O 11. Qe2 h6 12. Bd2 b6 13. b4 Bd6 14. Rac1 Qe7 15. Bc3 Bb7 16. c5 bxc5 17. bxc5 Bxc5 18. Bxf6 gxf6 19. Nh4 Rfc8 20. Qg4+ Kh8 21. Qf4 Qf8 22. Qxf6+ Qg7 23. Qf4 Bd4 24. Be4 Be5 25. Qe3 Bxe4 26. Qxe4 Rg8 27. g3 f5 28. Ng6+ Qxg6 29. Qxe5+ Qg7 30. Qxe6 Rab8 31. Rc6 Kh7 32. Rd1 Rb7 33. Rdd6 Rgb8 34. Qxh6+ Qxh6 35. Rxh6+ Kg8 36. Rcg6+ Rg7 37. Rxg7+ Kxg7 38. Ra6 1-0

[Event "Paul Keres mem. (49th)"]
[Site "Langley CAN"]
[Date "2025.05.18"]
[Round "3.3"]
[White "Wang, Ted"]
[Black "Doknjas, Neil"]
[Result "0-1"]
[WhiteElo "2173"]
[BlackElo "2361"]
[WhiteFideId "-1"]
[WhiteFideId "-1"]
[PlyCount "100"]
[GameId "2184628932720302"]
[EventDate "2025.05.17"]
[EventType "swiss"]
[EventRounds "6"]
[EventCountry "CAN"]

1. e4 c5 2. Nf3 d6 3. d4 cxd4 4. Nxd4 Nf6 5. Nc3 Nc6 6. Bg5 Bd7 7. Qd2 a6 8. O-O-O e6 9. Kb1 Be7 10. Nxc6 Bxc6 11. f3 h6 12. Bf4 d5 13. e5 Nd7 14. Ne2 Bb5 15. Bg3 Qc7 16. Re1 Rc8 17. Nd4 Bxf1 18. Rhxf1 Nb6 19. f4 Nc4 20. Qd3 Qb6 21. Nb3 a5 22. f5 a4 23. fxe6 Qxe6 24. Nd4 Qb6 25. b3 axb3 26. cxb3 O-O 27. Rc1 Bg5 28. Rc2 Na3+ 29. Kb2 Nxc2 30. Nxc2 Qa6 31. Qxa6 bxa6 32. Re1 Rfd8 33. h4 Be7 34. Ne3 d4 35. Nc4 f6 36. h5 fxe5 37. Bxe5 Bf6 38. Bxf6 gxf6 39. Kc2 Rc5 40. Rf1 Kg7 41. g4 Rg5 42. Rf4 d3+ 43. Kd2 f5 44. gxf5 Rg2+ 45. Kd1 Rg1+ 46. Kd2 Rg2+ 47. Kd1 Kf6 48. Ne3 Rxa2 49. Rc4 d2 50. Rc6+ Kf7 0-1

[Event "Paul Keres mem. (49th)"]
[Site "Langley CAN"]
[Date "2025.05.18"]
[Round "3.4"]
[White "Lu, Aiden Hao-Ting"]
[Black "Liu, Zachary"]
[Result "0-1"]
[WhiteElo "1812"]
[BlackElo "2261"]
[WhiteFideId "-1"]
[WhiteFideId "-1"]
[PlyCount "48"]
[GameId "2184628932720303"]
[EventDate "2025.05.17"]
[EventType "swiss"]
[EventRounds "6"]
[EventCountry "CAN"]

{[%evp 0,48,12,25,46,47,104,20,36,30,46,37,48,9,38,-11,-11,-8,-14,-14,-17,-23,11,16,7,-122,-114,-146,-42,-109,-123,-118,-113,-220,-216,-236,-232,-273,-265,-360,-360,-458,-475,-619,-599,-766,-813,-1107,-1113,-29991,-29992]} 1. e4 c5 2. Nf3 g6 3. c3 d5 4. e5 a6 5. d4 Bg7 6. Bd3 Nc6 7. h3 f6 8. exf6 Nxf6 9. Be3 O-O 10. O-O Bf5 11. Bxf5 gxf5 12. Qd2 Ne4 13. Qc1 Rc8 14. Bh6 cxd4 15. Bxg7 Kxg7 16. Ng5 Qd6 17. Nxe4 fxe4 18. cxd4 Nxd4 19. Qg5+ Kh8 20. Nd2 Rg8 21. Qh5 Rc2 22. Nxe4 dxe4 23. Rfd1 Nf3+ 24. Kf1 Qb6 0-1

[Event "Paul Keres mem. (49th)"]
[Site "Langley CAN"]
[Date "2025.05.18"]
[Round "4.1"]
[White "Doknjas, Neil"]
[Black "Aljo, Johan"]
[Result "1-0"]
[WhiteElo "2361"]
[BlackElo "2240"]
[WhiteFideId "-1"]
[WhiteFideId "-1"]
[PlyCount "63"]
[GameId "2184628932720304"]
[EventDate "2025.05.17"]
[EventType "swiss"]
[EventRounds "6"]
[EventCountry "CAN"]

1. d4 d5 2. c4 e6 3. Nc3 Nf6 4. Nf3 Bb4 5. e3 O-O 6. Bd2 Re8 7. Qc2 b6 8. cxd5 exd5 9. Bd3 a6 10. Ne5 Bd6 11. f4 c5 12. O-O Qc7 13. Be1 Nc6 14. Bh4 Nb4 15. Qd1 Nxd3 16. Qxd3 Qb7 17. dxc5 Bxc5 18. Bxf6 gxf6 19. b4 Be7 20. Nf3 Rd8 21. a3 a5 22. b5 Bc5 23. Nd4 Kh8 24. Rf3 Bxd4 25. Qxd4 Qe7 26. Na4 Bf5 27. Nxb6 Be4 28. Rg3 Rab8 29. Rc1 Qe6 30. Rc6 Rd6 31. Rxd6 Qxd6 32. Nd7 1-0

[Event "Paul Keres mem. (49th)"]
[Site "Langley CAN"]
[Date "2025.05.18"]
[Round "4.2"]
[White "Liu, Zachary"]
[Black "Doknjas, John"]
[Result "1/2-1/2"]
[WhiteElo "2261"]
[BlackElo "2421"]
[WhiteFideId "-1"]
[WhiteFideId "-1"]
[PlyCount "96"]
[GameId "2184628932720305"]
[EventDate "2025.05.17"]
[EventType "swiss"]
[EventRounds "6"]
[EventCountry "CAN"]

1. e4 e6 2. d4 d5 3. Nd2 dxe4 4. Nxe4 Nd7 5. Nf3 Ngf6 6. Nxf6+ Nxf6 7. c3 c5 8. Ne5 a6 9. Qa4+ Nd7 10. Bb5 cxd4 11. Bxd7+ Bxd7 12. Qxd4 Bb5 13. Qxd8+ Rxd8 14. a4 Bd7 15. Nxd7 Rxd7 16. Be3 Bd6 17. Ke2 Ke7 18. Rhd1 Rc8 19. g3 Bc5 20. Rxd7+ Kxd7 21. Rd1+ Ke7 22. Bxc5+ Rxc5 23. Rd3 g5 24. h3 f5 25. b3 e5 26. c4 h5 27. f3 Rc8 28. Rd1 Ke6 29. Rd3 g4 30. hxg4 hxg4 31. fxg4 fxg4 32. Ke3 Rf8 33. Ke4 Rf1 34. Re3 a5 35. Re2 Rf3 36. Rh2 Rxg3 37. Rh6+ Kd7 38. Rb6 Kc7 39. Rb5 Rh3 40. Rxa5 Rxb3 41. Rxe5 Rb4 42. Kd4 g3 43. Rg5 Rb3 44. Rg6 Kd7 45. a5 Ke7 46. a6 bxa6 47. Rxa6 Kd7 48. Rg6 Rf3 1/2-1/2

[Event "Paul Keres mem. (49th)"]
[Site "Langley CAN"]
[Date "2025.05.18"]
[Round "4.4"]
[White "Darvekar, Yash"]
[Black "Xu, Justin"]
[Result "0-1"]
[WhiteElo "2030"]
[BlackElo "2237"]
[WhiteFideId "-1"]
[WhiteFideId "-1"]
[PlyCount "100"]
[GameId "2184628932720306"]
[EventDate "2025.05.17"]
[EventType "swiss"]
[EventRounds "6"]
[EventCountry "CAN"]

1. e4 c5 2. Nf3 d6 3. d4 cxd4 4. Nxd4 Nf6 5. Nc3 g6 6. Be3 Bg7 7. f3 Nc6 8. Qd2 O-O 9. Bc4 Nxd4 10. Bxd4 Be6 11. Bb3 Qa5 12. O-O-O Rfc8 13. Kb1 b5 14. g4 b4 15. Ne2 Qb5 16. h4 a5 17. h5 a4 18. Bxe6 fxe6 19. hxg6 hxg6 20. g5 Nh5 21. Bxg7 Kxg7 22. f4 b3 23. Nc3 bxc2+ 24. Qxc2 Qc4 25. f5 a3 26. fxg6 axb2 27. Rxh5 Qxc3 28. Rh7+ Kxg6 29. Qxc3 Rxc3 30. Rxe7 Rc1+ 31. Rxc1 bxc1=Q+ 32. Kxc1 e5 33. Re6+ Kxg5 34. Rxd6 Kf4 35. Kd1 Kxe4 36. Ke1 Rh8 37. Ra6 Rh3 38. Ra4+ Kf5 39. Ra5 Kf4 40. Ra4+ e4 41. Rb4 Kf3 42. Rb8 Rh1+ 43. Kd2 e3+ 44. Kd3 Rd1+ 45. Kc2 e2 46. Rf8+ Kg4 47. Re8 e1=Q 48. Rxe1 Rxe1 49. Kb3 Kf5 50. Kb4 Ke6 0-1